<?xml version="1.0" encoding="UTF-8"?><?xml-stylesheet type="text/xsl" href="static/style.xsl"?><OAI-PMH xmlns="http://www.openarchives.org/OAI/2.0/" xmlns:xsi="http://www.w3.org/2001/XMLSchema-instance" xsi:schemaLocation="http://www.openarchives.org/OAI/2.0/ http://www.openarchives.org/OAI/2.0/OAI-PMH.xsd"><responseDate>2026-04-17T02:22:19Z</responseDate><request verb="GetRecord" identifier="oai:www.recercat.cat:10256/20613" metadataPrefix="marc">https://recercat.cat/oai/request</request><GetRecord><record><header><identifier>oai:recercat.cat:10256/20613</identifier><datestamp>2024-06-18T11:54:21Z</datestamp><setSpec>com_2072_452955</setSpec><setSpec>com_2072_2054</setSpec><setSpec>col_2072_453077</setSpec></header><metadata><record xmlns="http://www.loc.gov/MARC21/slim" xmlns:dcterms="http://purl.org/dc/terms/" xmlns:xsi="http://www.w3.org/2001/XMLSchema-instance" xmlns:doc="http://www.lyncode.com/xoai" xsi:schemaLocation="http://www.loc.gov/MARC21/slim http://www.loc.gov/standards/marcxml/schema/MARC21slim.xsd">
   <leader>00925njm 22002777a 4500</leader>
   <datafield ind2=" " ind1=" " tag="042">
      <subfield code="a">dc</subfield>
   </datafield>
   <datafield ind2=" " ind1=" " tag="720">
      <subfield code="a">Rosa, Francis M.de la</subfield>
      <subfield code="e">author</subfield>
   </datafield>
   <datafield ind2=" " ind1=" " tag="720">
      <subfield code="a">Papac, Josipa</subfield>
      <subfield code="e">author</subfield>
   </datafield>
   <datafield ind2=" " ind1=" " tag="720">
      <subfield code="a">Garcia Ballesteros, Sara</subfield>
      <subfield code="e">author</subfield>
   </datafield>
   <datafield ind2=" " ind1=" " tag="720">
      <subfield code="a">Kovač, Marin</subfield>
      <subfield code="e">author</subfield>
   </datafield>
   <datafield ind2=" " ind1=" " tag="720">
      <subfield code="a">Katančić, Zvonimir</subfield>
      <subfield code="e">author</subfield>
   </datafield>
   <datafield ind2=" " ind1=" " tag="720">
      <subfield code="a">Kušić, Hrvoje</subfield>
      <subfield code="e">author</subfield>
   </datafield>
   <datafield ind2=" " ind1=" " tag="720">
      <subfield code="a">Lončarić Božić, Ana</subfield>
      <subfield code="e">author</subfield>
   </datafield>
   <datafield ind2=" " ind1=" " tag="260">
      <subfield code="c">2021-11-01</subfield>
   </datafield>
   <datafield ind2=" " ind1=" " tag="520">
      <subfield code="a">In this study, sandwich-type composites made of commercial TiO2-P25 and α-Fe2O3 are obtained by spin coating thin films with different layer configurations, namely: i) TiO2 layer over α-Fe2O3 (TiO2@α-Fe2O3), ii) α-Fe2O3 layer over TiO2 (α-Fe2O3@TiO2), and iii) physically mixed 50% (w/w) of TiO2/Fe2O3. Photocatalytic activity under simulated solar irradiation of the aforementioned composites and their pure components is investigated for the degradation of amoxicillin (AMX) in the presence and absence of persulfate (PS). In both cases, TiO2@α-Fe2O3 sandwich-type achieve the highest degradation rates of AMX and a marked effect of PS addition on the AMX degradation rate is noted. The influence of pH and PS concentration on AMX degradation rate is established by means of experimental design and response surface modeling. The AMX degradation pathway is studied by means of reactive oxygen species scavenging and identification of intermediates by liquid chromatography with tandem mass spectrometry. Their evolution is directly correlated with an increased toxicity assessed by Daphnia magna and Vibrio fischeri assays. Furthermore, biodegradability changes are correlated with the mineralization profile of AMX solution. The influence of water matrix constituents (Cl−, CO32−, NO3−, PO43− and Suwannee river natural organic matter) on AMX degradation is established as well</subfield>
   </datafield>
   <datafield ind2=" " ind1=" " tag="520">
      <subfield code="a">This paper is part of a project that has received funding from the&#xd;
European Union’s Horizon 2020 – Research and Innovation Framework&#xd;
Programme under the H2020 Marie Skłodowska-Curie Actions grant&#xd;
agreement No. 812880</subfield>
   </datafield>
   <datafield ind1="8" ind2=" " tag="024">
      <subfield code="a">http://hdl.handle.net/10256/20613</subfield>
   </datafield>
   <datafield tag="653" ind2=" " ind1=" ">
      <subfield code="a">Fotocatàlisi</subfield>
   </datafield>
   <datafield tag="653" ind2=" " ind1=" ">
      <subfield code="a">Photocatalysis</subfield>
   </datafield>
   <datafield ind2="0" ind1="0" tag="245">
      <subfield code="a">Solar Light Activation of Persulfate by TiO2 / Fe2O3 Layered Composite Films for Degradation of Amoxicillin: Degradation Mechanism, Matrix Effects, and Toxicity Assessments</subfield>
   </datafield>
</record></metadata></record></GetRecord></OAI-PMH>